000 00414nam a22001577a 4500
999 _c2318
_d2318
008 200221b ||||| |||| 00| 0 eng d
020 _a8170354560
082 0 0 _a577.680
_bC4966
100 _91881
_aChaudhuri, A.B.
245 1 0 _aEndangered wetlands /
_cby A. B. Chaudhuri
250 _a1st ed.
260 _aDelhi:
_bDaya Publication,
_c2007.
300 _axiii ,296 p.
650 0 _aWetland Animals
942 _cBK